000 00633nam a22002177a 4500
003 OSt
005 20240702150202.0
008 240702b |||||||| |||| 00| 0 eng d
020 _a0070901104
040 _cmust
082 _a339 COL 2003
100 _aColander,David C.
_912212
245 _aMacroeconomics/
_cDavid C. Colander, peter S. Sephton and Charlene Richter
260 _aToronto:
_bMc Graw-Hill Ryerson;
_cc2003.
300 _axxi,452p.:
_bill.,maps;
_c25cm.
504 _aIncludes index
650 _2macroeconomics
700 _aSephton,Peter S.
_912213
700 _aRichter, charlene
_912214
942 _2ddc
_cO_SHELF
999 _c9036
_d9036